Príprava včelstiev na hlavnú znášku

Bibliographic Details
Main Author: Štipák, Albert (Author)
Format: Article
Language:Slovak
PhysicalDescription:Obr. 1.
Subjects:

MARC

LEADER 00000nab a2200000 a 4500
001 vtls000303936
003 SK-MaSNL
005 20260304082220.0
008 250424c1988 xo 0 slo
015 |a SNBRB19rr/mm-uuuuu 
035 |a CL0314055 
035 |a urn:nbn:sk:snk-abdn1g 
035 |a (urnnbn)urn:nbn:sk:snk:ar-003aly 
035 |a (uuid)334ea655-609f-40d9-826b-52071a8a66b6 
040 |a SNKBUCL  |b slo  |c SNKBUCL  |e AACR2 
041 0 |a slo 
044 |a xo  |c SK 
080 |a 638.13/.14  |2 1981 
100 1 |a Štipák, Albert  |4 aut  |9 1132868 
245 1 0 |a Príprava včelstiev na hlavnú znášku  |c Albert Štipák 
300 |b Obr. 1. 
650 0 7 |a včelstvá  |2 snkbucl  |9 16615 
655 7 |a články z novín a časopisov  |2 snkbucl  |9 267496 
773 0 |t Včelár  |g Roč. 62, č. 2 (1988), s. 33 
850 |a Slovenská národná knižnica 
852 |a Slovenská národná knižnica 
954 |a odborná, vedecká literatúra pôvodná (slovenská)  |2 lita 
958 |a article19 
958 |a OND 
958 |a RK 
958 |a EUIPO 
992 |a RBX 
999 |c 2794721  |d 2796651